30 Most Influential Countries - Statistics

General Stats
  • This quiz has been taken 176 times
  • The average score is 26 of 30
Answer Stats
Hint Answer % Correct
12 Brazil
99%
2 China
99%
4 France
99%
3 United Kingdom
99%
1 United States of America
99%
6 Japan
98%
7 Germany
97%
5 Russia
97%
11 Canada
96%
20 Australia
95%
15 Italy
95%
16 Spain
95%
8 India
94%
22 Mexico
94%
9 South Korea
90%
19 Argentina
88%
30 Egypt
88%
10 Indonesia
88%
14 Iran
87%
24 Turkey
87%
13 Saudi Arabia
86%
25 Sweden
83%
26 Israel
79%
21 Netherlands
79%
27 Pakistan
78%
17 Ukraine
77%
29 Colombia
72%
18 Nigeria
68%
23 North Korea
60%
28 Singapore
57%
No matching quizzes found
Score Distribution
Percent of People with Each Score
Percentile by Number Answered
Your Score History
You have not taken this quiz